<?xml version="1.0" encoding="UTF-8"?>
<collection xmlns="http://www.loc.gov/MARC21/slim">
 <record>
  <leader>01575nam a2200397 i 4500</leader>
  <controlfield tag="001">elibro.ELB226036</controlfield>
  <controlfield tag="003">FINmELB</controlfield>
  <controlfield tag="005">20220428103832.0</controlfield>
  <controlfield tag="006">m     o  u        </controlfield>
  <controlfield tag="007">cr cn|||||||||</controlfield>
  <controlfield tag="008">220428s2022    sp      ob    000 0 spa d</controlfield>
  <datafield tag="020" ind1=" " ind2=" ">
   <subfield code="a">9788413779256</subfield>
   <subfield code="q">(e-book)</subfield>
  </datafield>
  <datafield tag="035" ind1=" " ind2=" ">
   <subfield code="a">(OCoLC)1379805631</subfield>
  </datafield>
  <datafield tag="040" ind1=" " ind2=" ">
   <subfield code="a">FINmELB</subfield>
   <subfield code="b">spa</subfield>
   <subfield code="e">rda</subfield>
   <subfield code="c">FINmELB</subfield>
  </datafield>
  <datafield tag="050" ind1="1" ind2="4">
   <subfield code="a">N85</subfield>
   <subfield code="b">I624 2022</subfield>
  </datafield>
  <datafield tag="080" ind1=" " ind2=" ">
   <subfield code="a">7(07)</subfield>
  </datafield>
  <datafield tag="082" ind1="0" ind2="4">
   <subfield code="a">707</subfield>
   <subfield code="2">23</subfield>
  </datafield>
  <datafield tag="245" ind1="0" ind2="0">
   <subfield code="a">Investigación y experiencias en educación artística, creatividad y patrimonio cultural /</subfield>
   <subfield code="c">coordinadores Dolores Álvarez-Rodríguez [y otros 3].</subfield>
  </datafield>
  <datafield tag="264" ind1=" " ind2="1">
   <subfield code="a">Madrid :</subfield>
   <subfield code="b">Dykinson,</subfield>
   <subfield code="c">2022.</subfield>
  </datafield>
  <datafield tag="300" ind1=" " ind2=" ">
   <subfield code="a">1 recurso en línea (1070 páginas)</subfield>
  </datafield>
  <datafield tag="336" ind1=" " ind2=" ">
   <subfield code="a">texto</subfield>
   <subfield code="b">txt</subfield>
   <subfield code="2">rdamedia/spa</subfield>
  </datafield>
  <datafield tag="337" ind1=" " ind2=" ">
   <subfield code="a">computadora</subfield>
   <subfield code="b">c</subfield>
   <subfield code="2">rdamedia/spa</subfield>
  </datafield>
  <datafield tag="338" ind1=" " ind2=" ">
   <subfield code="a">recurso en línea</subfield>
   <subfield code="2">rdacarrier/spa</subfield>
  </datafield>
  <datafield tag="490" ind1="1" ind2=" ">
   <subfield code="a">Colección Conocimiento contemporáneo ;</subfield>
   <subfield code="v">53</subfield>
  </datafield>
  <datafield tag="504" ind1=" " ind2=" ">
   <subfield code="a">Contiene bibliografía.</subfield>
  </datafield>
  <datafield tag="588" ind1=" " ind2=" ">
   <subfield code="a">Descripción basada en metadatos suministrados por el editor y otras fuentes.</subfield>
  </datafield>
  <datafield tag="590" ind1=" " ind2=" ">
   <subfield code="a">Recurso electrónico. Santa Fe, Arg.: elibro, 2021. Disponible vía World Wide Web. El acceso puede estar limitado para las bibliotecas afiliadas a elibro.</subfield>
  </datafield>
  <datafield tag="650" ind1=" " ind2="4">
   <subfield code="a">Arte</subfield>
   <subfield code="x">Enseñanza.</subfield>
  </datafield>
  <datafield tag="650" ind1=" " ind2="4">
   <subfield code="a">Creatividad.</subfield>
  </datafield>
  <datafield tag="650" ind1=" " ind2="4">
   <subfield code="a">Patrimonio cultural.</subfield>
  </datafield>
  <datafield tag="655" ind1=" " ind2="4">
   <subfield code="a">Libros electrónicos.</subfield>
  </datafield>
  <datafield tag="700" ind1="1" ind2=" ">
   <subfield code="a">Álvarez-Rodríguez, Dolores,</subfield>
   <subfield code="e">coordinador.</subfield>
  </datafield>
  <datafield tag="700" ind1="1" ind2=" ">
   <subfield code="a">Fontal Merillas, Olaia,</subfield>
   <subfield code="e">coordinador.</subfield>
  </datafield>
  <datafield tag="797" ind1="2" ind2=" ">
   <subfield code="a">elibro, Corp.</subfield>
  </datafield>
  <datafield tag="830" ind1=" " ind2="0">
   <subfield code="a">Colección Conocimiento contemporáneo ;</subfield>
   <subfield code="v">53.</subfield>
  </datafield>
  <datafield tag="856" ind1="4" ind2="0">
   <subfield code="u">https://elibro.net/ereader/unsbiblio/226036</subfield>
  </datafield>
 </record>
</collection>
